| 000 | 01183nam a22002057a 4500 | ||
|---|---|---|---|
| 003 | JO-AjAnu | ||
| 005 | 20240708112903.0 | ||
| 008 | 240708b jo ||||| |||| 00| 0 ara d | ||
| 040 |
_aJO-AjAnu _bara _cJO-AjAnu _erda |
||
| 041 |
_aara _hara |
||
| 050 |
_aHG4028 _b2024 |
||
| 100 | 1 |
_aالمومني، مأمون احمد سلمان _eمعد _966082 |
|
| 245 | 0 |
_aأثر الخصائص الديموغرافية لاعضاء مجلس الادارة على ادارة الارباح غي قطاع البنوك في الاردن = The Impact of Demographic Characteristics of Board Members on Earnings Management in the Banking Sector in Jordan / _cاعداد مأمون احمد سلمان المومني؛ اشراف احمد ابراهيم كراجة |
|
| 260 | _c2024 | ||
| 300 | _a87 ورقة | ||
| 500 | _aرسالة جامعية( رسالة ماجستير في المحاسبة) جامعة عجلون الوطنية(عجلون، الاردن)، كلية الاعمال، 2024. | ||
| 650 | 7 | 0 |
_aادارة الارباح- البنوك الاردنية- محاسبة- الاردن _966084 |
| 700 | 1 |
_aكراجه، احمد ابراهيم _964987 _eمشرف |
|
| 942 |
_2lcc _cTHS _n0 |
||
| 999 |
_c33591 _d33591 |
||